| 000 | 00347nam a22001457a 4500 | ||
|---|---|---|---|
| 003 | OSt | ||
| 005 | 20160727222359.0 | ||
| 008 | 160623b xxu||||| |||| 00| 0 eng d | ||
| 040 | _cTest | ||
| 100 |
_9630 _aWisler, G. C |
||
| 245 | _aThe Wolf's Tooth | ||
| 260 |
_aUSA. FitzhenN.Y whiteside ltd. _c1987 |
||
| 300 | _aThe Wolf's Tooth | ||
| 942 |
_2ddc _cBK |
||
| 999 |
_c514 _d514 |
||